Online
Catalog

Essays of an information scientist / (Record no. 15361)

MARC details
000 -CABECERA
campo de control de longitud fija 01092cas a2200313 a 4500
001 - NÚMERO DE CONTROL
campo de control 000015816
005 - FECHA Y HORA DE LA ÚLTIMA TRANSACCIÓN
campo de control 20200929164149.0
008 - DATOS DE LONGITUD FIJA--INFORMACIÓN GENERAL
campo de control de longitud fija 801124c19779999pau x p uu eng d
010 ## - NÚMERO DE CONTROL DE LA BIBLIOTECA DEL CONGRESO
Número de control de LC 87658119
035 ## - NÚMERO DE CONTROL DEL SISTEMA
Número de control de sistema (OCoLC)ocm06969768
040 ## - FUENTE DE LA CATALOGACIÓN
Centro catalogador/agencia de origen DO-SdBNP
Centro/agencia transcriptor MoU
Centro/agencia modificador m.c.
-- DLC
-- NST
-- DLC
-- NST
042 ## - CÓDIGO DE AUTENTICACIÓN
Código de autenticación lc
050 00 - SIGNATURA TOPOGRÁFICA DE LA BIBLIOTECA DEL CONGRESO
Número de clasificación AC8
Número de documento/Ítem .G336
082 00 - NÚMERO DE LA CLASIFICACIÓN DECIMAL DEWEY
Número de clasificación 081
Número de edición 19
012 ## -
-- 13-7-9104111076-p-8707
100 10 - ENTRADA PRINCIPAL--NOMBRE DE PERSONA
Nombre de persona Garfield, Eugene.
9 (RLIN) 35603
245 10 - MENCIÓN DE TÍTULO
Título Essays of an information scientist /
Mención de responsabilidad, etc. by Eugene Garfield.
260 00 - PUBLICACIÓN, DISTRIBUCIÓN, ETC.
Lugar de publicación, distribución, etc. Philadelphia, Pa. :
Nombre del editor, distribuidor, etc. ISI Press,
Fecha de publicación, distribución, etc. c1977-.
300 ## - DESCRIPCIÓN FÍSICA
Extensión v. :
Otras características físicas ill. ;
Dimensiones 24 cm.
310 ## - PERIODICIDAD ACTUAL
Periodicidad actual Irregular
362 0# - FECHAS DE PUBLICACIÓN Y/O DESIGNACIÓN SECUENCIAL
Fecha de publicación y/o designación secuencial Vol. 1 (1962-1973)-
500 ## - NOTA GENERAL
Nota general Consists chiefly of columns published originally in Current contents under title: Current comments.
590 ## - NOTA LOCAL (RLIN)
Nota local SERBIB/SERLOC merged record
650 #2 - PUNTO DE ACCESO ADICIONAL DE MATERIA--TÉRMINO DE MATERIA
Término de materia o nombre geográfico como elemento de entrada Abstracting and indexing
Subdivisión general Collected works.
9 (RLIN) 35604
650 #2 - PUNTO DE ACCESO ADICIONAL DE MATERIA--TÉRMINO DE MATERIA
Término de materia o nombre geográfico como elemento de entrada Information services
Subdivisión general Collected works.
9 (RLIN) 35605
890 ## -
-- Essays of an information scientist (Garfield, Eugene)
-- 87-658119
910 ## - DATOS DE OPCIÓN DEL USUARIO (OCLC)
Datos de opción del usuario Catalogación derivada
Holdings
Estado de retiro Estado de pérdida Restricciones de uso No para préstamo Código de colección Localización permanente Ubicación/localización actual Ubicación en estantería Fecha de adquisición Número de inventario Total de préstamos Signatura topográfica completa Código de barras Fecha visto por última vez Precio válido a partir de Tipo de ítem Koha
    Préstamo interno   Monografías: Libros y Folletos General General En catalogación 18.02.2010 LF1   081 15816-10 25.06.2020 25.06.2020 Préstamo interno

Powered by Koha